|
|
|
|
| LEADER |
01098pam a22002418a 4500 |
| 001 |
00026101 |
| 005 |
20171026081023.0 |
| 008 |
110813s2006 ||||||viesd |
| 041 |
0 |
# |
|a vie
|
| 082 |
1 |
4 |
|a 372.4
|b GT1108TR
|
| 100 |
0 |
# |
|a Lê Thị Ánh Tuyết
|
| 245 |
0 |
0 |
|a Giáo trình phương pháp đọc, kể diễn cảm thơ, truyện cho trẻ mầm non
|c Lê Thị Ánh Tuyết, Lã Thị bắc Lý
|
| 260 |
# |
# |
|a H.
|b GD
|c 2006
|
| 300 |
# |
# |
|a 107tr.
|c 20cm.
|
| 500 |
# |
# |
|a ĐTTS ghi: ĐH Huế. Trung tâm đào tạo từ xa
|
| 653 |
# |
# |
|a mầm non
|
| 653 |
# |
# |
|a phương pháp đọc
|
| 700 |
0 |
# |
|a Lã Thị Bắc Lý
|
| 852 |
# |
# |
|b Kho giáo trình
|j KGT.0028153, KGT.0028154, KGT.0028155, KGT.0028156, KGT.0028157, KGT.0028158, KGT.0028159, KGT.0033094
|
| 852 |
# |
# |
|b Kho mượn
|j KGT.0028153
|
| 852 |
# |
# |
|j KGT.0028156
|j KGT.0028157
|j KGT.0028158
|j KGT.0028159
|j KGT.0028153
|j KGT.0028154
|j KGT.0033094
|j KGT.0028155
|j KGT.0055097
|j KGT.0057042
|
| 910 |
|
|
|d 13/08/2011
|
| 980 |
# |
# |
|a Trung tâm Học liệu Lê Vũ Hùng, Trường Đại học Đồng Tháp
|